00361nam a2200157Ia 4500008004000000041000800040082001200048100001900060245004100079260002600120650001500146650001300161650000700174650001400181650000800195210210b1964 xxu||||| |||| 00| 0 eng d aeng a320/443 aPANIKKAR (K M) aPrinciples and practice of diplomacy abNot Mentionedc1964 aPrinciples apractice aof adiplomacy aand